000 00290nam a2200133Ia 4500
008 191201s2019 xx 000 0 und d
100 _aRIVER
245 0 _aHandwriting Analysis
250 _a1st
260 _aN.Delhi
_bRIVER
300 _a211
650 _aGeneral Books
942 _2ddc
_cBK
999 _c2487
_d2487